| 000 | 00554nam a22002057a 4500 | ||
|---|---|---|---|
| 003 | MPLRDC | ||
| 005 | 20220104202808.0 | ||
| 008 | 210129b ||||| |||| 00| 0 eng d | ||
| 020 | _a978-986-6982-95-8 | ||
| 082 | _a859.6 LZWF v.32 | ||
| 100 | _a傅嘉美 | ||
| 245 |
_a一堂叫原谅的课 _c |
||
| 250 | _a初版一刷 | ||
| 260 |
_a台湾 _b文房文化事业有限公司 _c2009 |
||
| 300 | _b平 | ||
| 490 | _a励志文房: 32 | ||
| 520 | _a新书上架 2018-08-16。 | ||
| 650 | _a儿童故事;儿童小说 | ||
| 942 |
_cBK _o859.6 LZWF v.32 |
||
| 999 |
_c67821 _d67811 |
||